01098pam a2200265 a 4500001001000000003000400010005001700014008004100031020002600072020002300098040004000121082002000161100002300181245017000204246005000374246004600424260006000470300003400530650004100564653002500605655002400630942002000654999001700674952014100691015434207OSt20141209155545.0091124s2009 xxke fr 000 0 eng d a9781906659257 (cased) a1906659257 (cased) aStDuBDSbengcStDuBDSdUkdEG-ScBUE00a332.63222bWAL1 aWalne, Toby93684210a101 extraordinary investments :bcurious, unusual and bizarre ways to make money : a handbook for the adventurous collector /cdiscovered and explored by Toby Walne.3 aOne hundred and one extraordinary investments3 aHundred and one extraordinary investments aHampshire, United Kingdom :bHarriman House LTD,c2009. axi, 306 p. :bplans ;c22 cm. 0aCollectibles as an investment936843 bBUSADMcDecember2014 vreading book934232 2ddck332.63 WAL c18740d18712 00102ddc40708BaccahaMAINbMAINc1STd2014-12-09epurchaseg118.00h20677l0o332.63 WALp000037134r2025-07-15 00:00:00v147.50yBB